TECHNICAL COMMUNICATION (Record no. 206192)
[ view plain ]
| 000 -LEADER | |
|---|---|
| fixed length control field | 00227nam a2200097Ia 4500 |
| 050 ## - LIBRARY OF CONGRESS CALL NUMBER | |
| Classification number | T11.M37.C.1 |
| 100 ## - MAIN ENTRY--PERSONAL NAME | |
| Personal name | MIKE MARKEL |
| 245 #0 - TITLE STATEMENT | |
| Title | TECHNICAL COMMUNICATION |
| 942 ## - ADDED ENTRY ELEMENTS (KOHA) | |
| Koha item type | Long Loan Book |
| Withdrawn status | Lost status | Source of classification or shelving scheme | Damaged status | Not for loan | Collection | Home library | Current library | Shelving location | Date acquired | Inventory number | Total checkouts | Full call number | Barcode | Date last seen | Copy number | Price effective from | Koha item type |
|---|---|---|---|---|---|---|---|---|---|---|---|---|---|---|---|---|---|
| Library of Congress Classification | Science & Technology | Kisii University Library | Kisii University Library | On Display | 09/15/2023 | 54314 | T 11 .M37 2001 | 036141 | 09/15/2023 | c.1 | 09/15/2023 | Long Loan Book | |||||
| Library of Congress Classification | Science & Technology | Kisii University Library | Kisii University Library | On Display | 09/15/2023 | 54667 | T 11 .M37 2001 | 036140 | 09/15/2023 | C.2 | 09/15/2023 | Long Loan Book |